000
00265nmm a2200085Ia 4500
008
220120s9999||||xx |||||||||||||||||und||
100
_a
DIGIT March 2010
245
0
_a
Vortex box, linux mint 8KDE, MS security essentials for vist
260
_a
Cyber tach publication
_c
2010
999
_c
139464
_d
139464